000 00691nam a2200229Ia 4500
003 OSt
005 20220925204029.0
006 a|||||r|||| 00| 0
007 ta
008 220923b |||||||| |||| 00| 0 eng d
037 _cGeneral Book
040 _aRTL
_cRTL
_beng
041 _2eng
_aeng
082 _aX9(J).277sN70, L6
110 _aASSAM, ECONOMIC AND STATISTICS (Deptt of-).
_9267612
245 0 _aWorld agricultural census 1970-71
260 _aGauhati
_bGovt Press
_c1976
650 _aAgricultural Industry
700 _aASSAM, ECONOMIC AND STATISTICS (Deptt of-).
_9267613
942 _hX9(J).277sN70, L6
_cGB
_2CC
999 _c548393
_d548393